[Event "Druzynowe Mistrzostwa Polski Juniorow - II liga"]
[Site "Sypniewo k. Jastowia"]
[Date "2024-06-17"]
[Round "4.43"]
[White "Bochniak, Franciszek"]
[Black "Paprocki, Antoni"]
[Result "0-1"]
[WhiteTitle "I++"]
[BlackTitle "k"]
[WhiteElo "1936"]
[BlackElo "2164"]

1. d4 Nf6 2. c4 e6 3. g3 d5 4. Bg2 Be7 5. Nf3 O-O 6. O-O dxc4 7. Ne5 Nc6 8. Nxc6
bxc6 9. Bxc6 Rb8 10. Bg2 Bb7 11. Nc3 Bxg2 12. Kxg2 c5 13. dxc5 Qc7 14. Qa4 Qxc5
15. Be3 Qh5 16. Qxc4 Ng4 17. h3 Nxe3+ 18. fxe3 Rxb2 19. Rab1 Rxb1 20. Rxb1 Qe5
21. Rb7 Bd6 22. Ne4 Bb8 23. Rb5 Qa1 24. Qb3 Bc7 25. Qb1 Qxb1 26. Rxb1 Bb6 27.
Kf3 Rc8 28. Rb3 Rc7 29. g4 Kf8 30. Nf2 Rc2 31. a3 Ke7 32. Ne4 Rc1 33. Rd3 Ra1
34. Nd6 Rc1 35. Ne4 h6 36. Nd2 Bc7 37. Ne4 Rh1 38. Nf2 Rg1 39. Rc3 Rg3+ 40. Ke4
Bd6 41. Rb3 g5 42. Rb7+ Kf8 43. Rxa7 Bc5 44. Ra8+ Kg7 45. Nd1 Rxh3 46. Ra5 Bd6
47. Nf2 Rg3 48. a4 Bb4 49. Rb5 Be1 50. Nd3 Rxg4+ 51. Kf3 Rg3+ 52. Ke4 Bc3 53.
Nc5 Bd2 54. Rb3 h5 55. Kd3 Bxe3 56. Ne4 Rh3 57. Kc2 g4 58. a5 Bd4 59. Rb7 Ra3
60. Rd7 e5 61. Ng5 Kg6 62. Nxf7 g3 63. Nh8+ Kf5 64. Rg7 e4 65. Rh7 g2 66. Rxh5+
Kg4 67. Rh6 g1=Q 68. Rg6+ Kf5 69. Rxg1 Bxg1 0-1

[Event "Druzynowe Mistrzostwa Polski Juniorow - II liga"]
[Site "Sypniewo k. Jastowia"]
[Date "2024-06-17"]
[Round "4.44"]
[White "Herka, Jakub"]
[Black "Lonski, Aleksander"]
[Result "1/2-1/2"]
[WhiteTitle "I"]
[BlackTitle "I+"]
[WhiteElo "1796"]
[BlackElo "1852"]

1. d4 d5 2. c4 e6 3. Nf3 c6 4. e3 Nf6 5. Nbd2 Nbd7 6. Bd3 Bd6 7. e4 dxe4 8. Nxe4
Nxe4 9. Bxe4 O-O 10. O-O e5 11. dxe5 Nxe5 12. Nxe5 Bxe5 13. Bxh7+ Kxh7 14. Qh5+
Kg8 15. Qxe5 Re8 16. Qc3 Bf5 17. b3 Qd3 18. Bb2 Qxc3 19. Bxc3 Rad8 20. Rfe1 Rxe1+
21. Rxe1 Bc2 22. f3 Rd1 23. Rxd1 Bxd1 24. Bd4 a5 25. Kf2 Bc2 26. c5 Bb1 27. a3
Ba2 28. b4 axb4 29. axb4 f6 30. Ke3 Kf7 31. h4 Bb3 32. Kf4 Bc4 33. Bc3 Bf1 34.
g3 Be2 35. Ke4 Bc4 36. Bd2 Be2 37. Be1 Bc4 38. Bf2 Be2 39. Bg1 Bc4 40. Bh2 Be2
41. Ke3 Bc4 42. Kd4 Be2 43. Ke4 Bc4 44. Bg1 Be2 45. Bf2 Bc4 46. Be1 Be2 47. Bd2
Bc4 48. Bc1 Be2 49. Bf4 Bc4 50. Bd6 Be2 51. Bb8 Bc4 52. Ba7 Be2 53. Bb6 Bc4 54.
Ba5 Be2 55. Ke3 Bc4 56. Ke4 Be2 57. Bc7 Bc4 58. Kf5 Bd3+ 59. Kf4 Be2 60. Bb8 Bc4
61. Bd6 Be2 62. Ke4 Bc4 63. Bf4 Be2 64. Be3 Bc4 65. Bd2 Be2 66. Bc1 Bc4 67. Bb2
Be2 68. Ba1 Bc4 69. Kf4 Be2 70. Bd4 Bc4 71. Ke4 Be2 72. Ke3 Bc4 73. Kf4 Be2 74.
Ba1 Bc4 75. Bc3 Be2 76. Bd2 Bc4 77. Be3 Be2 78. Bg1 Bc4 79. Bf2 Be2 80. Be1 Bc4
81. Bd2 Be2 82. Bc1 Bc4 83. Bb2 Be2 84. g4 Bc4 85. Ba1 Be2 86. Bc3 Bc4 87. Bd2
Be2 88. Be1 Bc4 89. Bf2 Be2 90. Bg1 Bc4 91. Bh2 Be2 92. Bg3 Bc4 93. Ke4 Be2 94.
Bf4 Bc4 95. Bd6 Be2 96. Bc7 Bc4 97. Ba5 Be2 98. Bb6 Bc4 99. Ba7 Be2 100. Bb8 Bc4
101. Ba7 Be2 102. Bb6 Bc4 103. Ba5 Be2 104. Bc7 Bc4 105. Bf4 Be2 106. Bg3 Bc4
107. Bh2 Be2 108. Bg1 Bc4 109. Bf2 Be2 110. Be3 Bc4 111. Bd2 Be2 112. Bc1 Bc4
113. Bb2 Be2 114. Ke3 Bc4 115. Kd4 Be2 116. Ke3 Bc4 117. Kf4 Be2 118. Bd4 Bc4
119. g5 fxg5+ 120. hxg5 Be2 121. Ke4 g6 122. Ke5 Bxf3 123. Kd6 Be2 124. Kc7 Ba6
125. Kd6 Be2 126. Bh8 Bc4 127. Bf6 Bd3 128. Be5 Bc4 129. Bd4 Bd3 130. Bc3 Bc4
131. Bb2 Bd3 132. Ba1 Bc4 133. Bb2 Bd3 134. Bc1 Bc4 135. Bd2 Bd3 136. Be1 Bc4
137. Bf2 Bd3 138. Bg1 Bc4 139. Bh2 Bd3 140. Bg3 Bc4 141. Bf4 Bd3 142. Kd7 Bc4
143. Kc7 Ba6 144. Kd6 Bd3 145. Bg3 Bc4 146. Bh4 Bd3 147. Be1 Bc4 148. Bd2 Bd3
149. Bc3 Bc4 150. Bb2 Bd3 151. Be5 1/2-1/2

[Event "Druzynowe Mistrzostwa Polski Juniorow - II liga"]
[Site "Sypniewo k. Jastowia"]
[Date "2024-06-17"]
[Round "4.45"]
[White "Jodlowski, Robert"]
[Black "Rabenda, Piotr"]
[Result "1-0"]
[WhiteTitle "II"]
[BlackTitle "I"]
[WhiteElo "1675"]
[BlackElo "1633"]

1. d4 Nf6 2. c4 e6 3. g3 d5 4. Bg2 Be7 5. Nf3 O-O 6. O-O c6 7. Qc2 Nbd7 8. Rd1
Bd6 9. Nbd2 Rb8 10. e4 dxe4 11. Ng5 Qe7 12. Re1 c5 13. d5 e5 14. Bxe4 h6 15. Ngf3
Nxe4 16. Nxe4 f5 17. Nxd6 Qxd6 18. Nxe5 Nxe5 19. Bf4 Nf3+ 20. Kg2 Nxe1+ 21. Rxe1
Qa6 22. Bxb8 Bd7 23. Re7 Rxb8 24. Qc3 Qg6 25. Rxd7 f4 26. Qe5 f3+ 27. Kxf3 Re8
28. Re7 Rxe7 29. Qxe7 Qd3+ 30. Qe3 Qxc4 31. Qe8+ Kh7 32. Qe4+ Qxe4+ 33. Kxe4 Kg6
34. d6 Kf7 35. Kd5 Ke8 36. Kxc5 Kd7 37. g4 g5 38. Kd5 b6 39. b3 a6 40. a3 a5 41.
a4 b5 42. axb5 a4 43. bxa4 h5 44. gxh5 g4 45. h6 g3 46. hxg3 Kd8 47. Ke6 Ke8 48.
h7 Kd8 49. b6 Ke8 50. g4 Kd8 51. g5 Ke8 52. g6 Kd8 53. g7 Ke8 54. f4 Kd8 55. h8=N
Ke8 56. d7+ Kd8 57. Nf7# 1-0

[Event "Druzynowe Mistrzostwa Polski Juniorow - II liga"]
[Site "Sypniewo k. Jastowia"]
[Date "2024-06-17"]
[Round "4.46"]
[White "Bednarek, Jan"]
[Black "Wites, Adam"]
[Result "1-0"]
[WhiteTitle "I"]
[BlackTitle "II+"]
[WhiteElo "1786"]
[BlackElo "1657"]

1. e4 c6 2. d4 d5 3. e5 Bf5 4. c4 e6 5. Nc3 Nd7 6. Nf3 dxc4 7. Bxc4 Nb6 8. Bb3
Ne7 9. Be3 Ned5 10. O-O Be7 11. Qe2 O-O 12. Rfd1 Rc8 13. Rac1 Qd7 14. h3 Bg6 15.
Bc2 Bxc2 16. Qxc2 h6 17. Ne4 Nb4 18. Qb1 N4d5 19. Ng3 Rfd8 20. a3 Qe8 21. b4 Nxe3
22. fxe3 Nd5 23. Qb3 b6 24. e4 Nf4 25. Kh2 Ng6 26. a4 Qf8 27. b5 cxb5 28. axb5
Bb4 29. d5 Rxc1 30. Rxc1 exd5 31. exd5 Bc5 32. d6 Qe8 33. Qb2 Qd7 34. Re1 Re8
35. Qb3 Nf4 36. Re4 Ne6 37. Rg4 Rc8 38. Nh5 Kh8 39. Qd3 Rg8 40. Qe2 Rb8 41. Qd2
Qd8 42. Nxg7 Kh7 43. Nxe6 fxe6 44. Qc2+ Kh8 45. Qg6 Qf8 46. Nh4 Be3 47. Qxe6 Qf1
48. Ng6+ Kh7 49. Qd7+ Kg8 50. Qe6+ Kh7 51. Qe7+ Kg8 52. Nf4+ 1-0

[Event "Druzynowe Mistrzostwa Polski Juniorow - II liga"]
[Site "Sypniewo k. Jastowia"]
[Date "2024-06-17"]
[Round "4.47"]
[White "Grzesik, Nikola"]
[Black "Michniak, Julia"]
[Result "1/2-1/2"]
[WhiteTitle "I"]
[BlackTitle "I"]
[WhiteElo "1635"]
[BlackElo "1509"]

1. e4 c5 2. Nf3 a6 3. c3 e6 4. d4 d5 5. exd5 exd5 6. Be2 Bd6 7. Be3 c4 8. O-O Ne7
9. b3 b5 10. a4 Bb7 11. axb5 axb5 12. Rxa8 Bxa8 13. Qc2 Ng6 14. Re1 O-O 15. b4
Nd7 16. Na3 Bc6 17. Qf5 Qf6 18. Qxf6 Nxf6 19. Nd2 Ra8 20. Ra1 Bf4 21. Nc2 Rxa1+
22. Nxa1 Kf8 23. Nc2 Ke7 24. g3 Bd6 25. f3 Nd7 26. Nf1 Nb6 27. Bd2 Bd7 28. Nfe3
f5 29. Ng2 Kf7 30. Kf2 Bc6 1/2-1/2

[Event "Druzynowe Mistrzostwa Polski Juniorow - II liga"]
[Site "Sypniewo k. Jastowia"]
[Date "2024-06-17"]
[Round "4.49"]
[White "Nowicki, Bartosz"]
[Black "Sowa, Roch"]
[Result "1-0"]
[WhiteTitle "II+"]
[BlackTitle "I"]
[WhiteElo "1854"]
[BlackElo "1707"]

1. e4 c5 2. Nf3 e6 3. d4 cxd4 4. Nxd4 Nc6 5. Nc3 Qc7 6. Be2 a6 7. O-O Nf6 8. Be3
Be7 9. Kh1 O-O 10. f4 d6 11. Qe1 Nxd4 12. Bxd4 b5 13. a3 Bb7 14. Qg3 Bc6 15. Bd3
Qb7 16. Rae1 Rad8 17. Nd1 d5 18. e5 Ne4 19. Qh3 a5 20. Nf2 b4 21. Ng4 Kh8 22.
Rf3 f5 23. exf6 Bxf6 24. Nxf6 gxf6 25. Qxe6 Rde8 26. Qh3 Qg7 27. Bxe4 dxe4 28.
Rg3 Qe7 29. axb4 axb4 30. Qh6 Rd8 31. Bc5 Qf7 32. Bxf8 Rxf8 33. h3 Rd8 34. Ra1
Ra8 35. Rxa8+ Bxa8 36. f5 Qe7 37. Qf4 Qd8 38. c3 b3 39. Qg4 Qf8 40. c4 Bc6 41.
Rxb3 Qd6 42. Qg3 Qxg3 43. Rxg3 Bd7 44. c5 Bxf5 45. c6 Be6 46. c7 f5 47. Rc3 Bc8
48. Ra3 Kg7 49. Ra8 Be6 50. c8=Q Bxc8 51. Rxc8 Kf6 52. Kg1 Ke5 53. Kf2 1-0

[Event "Druzynowe Mistrzostwa Polski Juniorow - II liga"]
[Site "Sypniewo k. Jastowia"]
[Date "2024-06-17"]
[Round "4.50"]
[White "Wolak, Maciej"]
[Black "Garwacki, Kornel"]
[Result "1/2-1/2"]
[WhiteTitle "II"]
[BlackTitle "I"]
[WhiteElo "1806"]
[BlackElo "1844"]

1. e4 c5 2. Nf3 e6 3. d4 cxd4 4. Nxd4 Nf6 5. Nc3 Nc6 6. Be2 Bb4 7. f3 d5 8. exd5
Nxd5 9. Nxc6 bxc6 10. Bd2 Qh4+ 11. g3 Qd4 12. Nxd5 Qxd2+ 13. Qxd2 Bxd2+ 14. Kxd2
cxd5 15. f4 Rb8 16. b3 Ke7 17. Kd3 Bd7 18. c4 Bc6 19. Rhd1 Rhd8 20. Rd2 Rd6 21.
Rc1 Rbd8 22. cxd5 Bxd5 23. Rc4 R8d7 24. Rc5 Rb7 25. Rdc2 Kf6 26. Rc7 Rd7 27. Rxb7
Rxb7 28. Bf3 Rb5 29. Bxd5 Rxd5+ 30. Rc7 a5+ 1/2-1/2

[Event "Druzynowe Mistrzostwa Polski Juniorow - II liga"]
[Site "Sypniewo k. Jastowia"]
[Date "2024-06-17"]
[Round "4.51"]
[White "Nowicki, Franciszek"]
[Black "Wolak, Jan"]
[Result "0-1"]
[WhiteTitle "II"]
[BlackTitle "II"]
[WhiteElo "1758"]
[BlackElo "1793"]

1. e4 c5 2. Nf3 Nf6 3. e5 Nd5 4. d4 cxd4 5. Nxd4 Nc6 6. Nxc6 dxc6 7. c4 Nb4 8.
Qxd8+ Kxd8 9. Na3 Bf5 10. Bd2 a5 11. Be2 e6 12. O-O Kc7 13. Be3 Nd3 14. Bxd3 Bxd3
15. Rfd1 Bf5 16. c5 Be4 17. Nc4 Bd5 18. Nd6 f5 19. a4 Be7 20. Rdb1 g5 21. f4 gxf4
22. Bxf4 Rhg8 23. g3 Bg5 24. Rf1 h5 25. Bxg5 Rxg5 26. Rf4 Rg4 27. Rxg4 hxg4 28.
Rf1 Rb8 29. Rd1 b6 30. cxb6+ Rxb6 31. Rd2 Rb4 32. Kf2 Rxa4 33. Ke3 Ra2 34. Kd3
a4 35. Kc3 Kb6 36. Rd4 a3 37. Rb4+ Ka5 38. b3 Rxh2 39. Ra4+ Kb6 40. Rb4+ Kc7 41.
Rb7+ Kd8 42. Rb8+ Ke7 43. Rb7+ Kf8 44. Rb8+ Kg7 45. Rb7+ Kg6 46. Rf7 a2 47. Rf6+
Kg7 48. Ne8+ Kg8 49. Rg6+ Kf7 50. Rg7+ Kxe8 51. b4 a1=Q+ 52. Kd3 Qd1+ 53. Kc3
Qd2# 0-1

[Event "Druzynowe Mistrzostwa Polski Juniorow - II liga"]
[Site "Sypniewo k. Jastowia"]
[Date "2024-06-17"]
[Round "4.52"]
[White "Kopia, Julian"]
[Black "Kurczewski, Borys"]
[Result "1/2-1/2"]
[WhiteTitle "I"]
[BlackTitle "II"]
[WhiteElo "1563"]
[BlackElo "1508"]

1. e4 c5 2. Nc3 e6 3. g3 Nc6 4. d3 Nf6 5. Bg2 d5 6. exd5 exd5 7. Bg5 Be6 8. Nge2
Be7 9. Nf4 d4 10. Bxf6 Bxf6 11. Ne4 Be7 12. Nxe6 fxe6 13. Nxc5 Qa5+ 14. c3 Qxc5
15. Rc1 Qe5+ 16. Be4 O-O 17. f4 Qf6 18. h4 e5 19. Qb3+ Kh8 20. Qxb7 Rfc8 21. cxd4
Bb4+ 22. Kf2 Rab8 23. Rxc6 Qxc6 24. Qxc6 Rxc6 25. Bxc6 exf4 26. gxf4 Bd6 27. b3
Rf8 28. Ke3 Rxf4 29. Bd5 Rf5 30. Be4 Rf4 31. Rc1 g6 32. Rc8+ Rf8 33. Rxf8+ Bxf8
34. Kf4 Bd6+ 35. Kg4 Kg7 36. h5 gxh5+ 37. Kxh5 Be7 38. d5 a5 39. a4 h6 40. Kg4
Kf6 41. d4 Bd6 42. Kf3 h5 43. Ke3 h4 44. Kd3 h3 45. Kc4 h2 46. Kb5 Bb4 47. Kc6
Ke7 48. Bh1 Bd6 49. Kb5 Bb4 50. Kc4 Kd6 51. Kd3 Be1 52. Bg2 Bb4 53. Kc4 Be1 54.
Kb5 Bb4 55. Kb6 Be1 56. Ka6 Bb4 57. Kb5 Be1 58. Kc4 Bb4 59. Kd3 Be1 60. Ke2 Bc3
61. Ke3 Be1 62. Kf4 Bc3 63. Kg3 Bxd4 64. Kxh2 Be5+ 65. Kh3 Kc5 66. Kg4 Bc3 67.
Kf5 Kd6 68. Ke4 Be1 69. Kd4 Bb4 70. Be4 1/2-1/2

[Event "Druzynowe Mistrzostwa Polski Juniorow - II liga"]
[Site "Sypniewo k. Jastowia"]
[Date "2024-06-17"]
[Round "4.53"]
[White "Michalska, Anna-maria"]
[Black "Branka, Julia"]
[Result "1-0"]
[WhiteTitle "I"]
[BlackTitle "I"]
[WhiteElo "1607"]
[BlackElo "1671"]

1. d4 d5 2. c4 e6 3. Nc3 Nf6 4. cxd5 exd5 5. Bg5 Nbd7 6. e3 c6 7. Bd3 Be7 8. Nge2
Nh5 9. Bxe7 Qxe7 10. Qc2 g6 11. Ng3 Ng7 12. a3 a5 13. O-O O-O 14. Rae1 Nf6 15.
f3 Qd6 16. Qd2 Rd8 17. Kh1 h5 18. Bc2 h4 19. Nge2 Ngh5 20. e4 dxe4 21. fxe4 Ng4
22. Nf4 g5 23. e5 Qh6 24. Nxh5 Qxh5 25. Ne4 Be6 26. h3 Kh8 27. hxg4 Qxg4 28. Nf6
Qxd4 29. Qxg5 Qd2 30. Re3 Qxe3 31. Qxe3 Kg7 32. Nh5+ Kf8 33. Qc5+ Ke8 34. Nf6#
1-0

[Event "Druzynowe Mistrzostwa Polski Juniorow - II liga"]
[Site "Sypniewo k. Jastowia"]
[Date "2024-06-17"]
[Round "4.55"]
[White "Zmarzly, Wiktor"]
[Black "Matela, Krzysztof"]
[Result "0-1"]
[WhiteTitle "I+"]
[BlackTitle "I"]
[WhiteElo "1891"]
[BlackElo "2024"]

1. e4 d5 2. exd5 Nf6 3. d4 Nxd5 4. Be2 Bf5 5. Nf3 e6 6. O-O Be7 7. a3 a5 8. c4
Nb6 9. Nc3 O-O 10. Bf4 c6 11. Qb3 a4 12. Qd1 c5 13. Nb5 Na6 14. Qe1 Bc2 15. Qc3
Bb3 16. dxc5 Nd7 17. Rad1 Bxd1 18. Rxd1 Naxc5 19. Ne5 Qc8 20. Nxd7 Nxd7 21. Bf3
Bf6 22. Qb4 Ne5 23. Be2 Rd8 24. Nd6 Qc7 25. c5 Nc6 26. Qe4 e5 27. Be3 Nd4 28.
Bxd4 exd4 29. Qd5 b6 30. Qa2 Qxc5 31. Nxf7 Rd5 32. Bf3 Ra5 33. b4 axb3 34. Qe2
Kxf7 35. Bxd5+ Qxd5 36. Re1 Ra8 0-1

[Event "Druzynowe Mistrzostwa Polski Juniorow - II liga"]
[Site "Sypniewo k. Jastowia"]
[Date "2024-06-17"]
[Round "4.56"]
[White "Misiek, Stanislaw"]
[Black "Jania, Kamil"]
[Result "1-0"]
[WhiteTitle "I"]
[BlackTitle "II"]
[WhiteElo "1805"]
[BlackElo "1446"]

1. Nf3 d5 2. g3 c6 3. Bg2 Nf6 4. O-O Bg4 5. d4 Nbd7 6. Nbd2 e6 7. b3 Bxf3 8. Nxf3
Bd6 9. Bb2 O-O 10. c4 Re8 11. Ne5 Nf8 12. Qd3 N6d7 13. Rad1 Qc7 14. f4 Rad8 15.
Qc2 dxc4 16. Nxc4 Ng6 17. e4 Bf8 18. Kh1 Ne7 19. Ne3 Qa5 20. Bf3 g6 21. a3 Bg7
22. b4 Qb6 23. Nc4 Qc7 24. Rfe1 Nb6 25. Ne3 Rd7 26. Rd3 Red8 27. Red1 h5 28. Kg2
f5 29. Qb3 fxe4 30. Qxe6+ Kh7 31. Bxe4 Rd6 32. Qh3 Nd7 33. Nc4 Rf6 34. Qxh5+ Kg8
35. Qg4 b5 36. Ne5 Rdf8 37. Qxd7 Qxd7 38. Nxd7 g5 39. d5 cxd5 40. Bxd5+ Kh8 41.
Nxf6 Bxf6 42. Bxf6+ Rxf6 43. Bb3 gxf4 44. Rd8+ Kg7 45. R1d7 f3+ 46. Kf2 Kg6 47.
Rxe7 Kg5 48. Rg8+ Kh6 49. Bc2 Rd6 50. Rh7# 1-0

[Event "Druzynowe Mistrzostwa Polski Juniorow - II liga"]
[Site "Sypniewo k. Jastowia"]
[Date "2024-06-17"]
[Round "4.57"]
[White "Feseniuk, Pavlo"]
[Black "Majcher, Igor"]
[Result "1/2-1/2"]
[WhiteTitle "II"]
[BlackTitle "I"]
[WhiteElo "1683"]
[BlackElo "2003"]

1. e4 c5 2. Nf3 d6 3. d4 cxd4 4. Nxd4 Nf6 5. Nc3 a6 6. f3 e5 7. Nb3 Be6 8. Be3
Be7 9. Qd2 h5 10. Nd5 Nxd5 11. exd5 Bf5 12. Be2 a5 13. O-O Nd7 14. Rac1 O-O 15.
Bd3 Bxd3 16. Qxd3 g6 17. Qb5 Qc7 18. c4 a4 19. Nd2 b6 20. Ne4 Nc5 21. Nf2 f5 22.
Qb4 Bh4 23. Qa3 Bxf2+ 24. Bxf2 Kh7 25. Bxc5 bxc5 26. Rfe1 Rfb8 27. Re2 Rb4 28.
Rcc2 Qe7 29. f4 e4 30. Qc3 Ra7 31. g3 Ra8 32. h4 Ra7 33. Rc1 Rab7 34. Kf2 Ra7
35. Rb1 Qg7 36. Qxg7+ Kxg7 37. Rc2 Kf7 38. Ke3 Rab7 39. Kd2 Ke8 40. Ke3 Kd8 41.
Kd2 Kc8 42. Kc3 Kb8 43. Re1 Kc8 44. Ree2 Kd8 45. Re3 Kc8 46. Ree2 Kd8 47. Re3
Rb8 48. Ree2 Kd7 49. Re3 Re8 50. Rce2 Kc7 51. Rd2 Kb6 52. Rc2 Ka6 53. Rd2 Re7
54. Rc2 Kb7 55. Rd2 Kc8 56. Rc2 Kd8 57. Rd2 Kc8 58. Rc2 Kd8 59. Rd2 Kc8 1/2-1/2

[Event "Druzynowe Mistrzostwa Polski Juniorow - II liga"]
[Site "Sypniewo k. Jastowia"]
[Date "2024-06-17"]
[Round "4.58"]
[White "Radziszewski, Leon"]
[Black "Wasilewski, Mateusz"]
[Result "0-1"]
[WhiteTitle "II"]
[BlackTitle "II"]
[WhiteElo "1401"]
[BlackElo "1615"]

1. e4 c5 2. Nf3 e6 3. d4 cxd4 4. Nxd4 Nf6 5. Nc3 Nc6 6. Nxc6 bxc6 7. e5 Nd5 8.
Ne4 Qc7 9. f4 Qa5+ 10. c3 Be7 11. Bd3 Qb6 12. Qe2 Rb8 13. Qf2 f5 14. Qxb6 Rxb6
15. Nf2 Bc5 16. g3 O-O 17. Bc4 Rb8 18. Bxd5 cxd5 19. Nd3 Bb6 20. a4 a5 21. b4
d4 22. Bd2 Bb7 23. Rf1 dxc3 24. Bxc3 Bg2 25. bxa5 Bxf1 26. Kxf1 Ba7 27. Bb4 Rfc8
28. Bd6 Rb3 29. Nb4 Bc5 30. Bxc5 Rxc5 31. Na6 Rc6 0-1

[Event "Druzynowe Mistrzostwa Polski Juniorow - II liga"]
[Site "Sypniewo k. Jastowia"]
[Date "2024-06-17"]
[Round "4.59"]
[White "Gorecka, Laura"]
[Black "Dura, Anna"]
[Result "1/2-1/2"]
[WhiteTitle "I"]
[BlackTitle "I"]
[WhiteElo "1529"]
[BlackElo "1618"]

1. c4 e6 2. Nf3 d5 3. e3 Nf6 4. b3 b6 5. Bb2 Bb7 6. Be2 Be7 7. O-O O-O 8. Nc3 Nbd7
9. Qc2 Nc5 10. Rac1 Rc8 11. Rfd1 dxc4 12. bxc4 Nfe4 13. d4 Nxc3 14. Qxc3 Na4 15.
Qc2 Nxb2 16. Qxb2 Bf6 17. Qb1 Qe7 18. c5 Bd5 19. e4 Bc6 20. cxb6 cxb6 21. Ba6
Bb7 22. Bxb7 Qxb7 23. e5 Be7 24. Qd3 Rc7 25. Rxc7 Qxc7 26. Re1 a5 27. d5 exd5
28. Qxd5 Rd8 29. Qe4 Bb4 30. Rb1 Qd7 31. h3 h6 32. Qe2 Qe6 33. Qb5 Qxa2 34. Rf1
Bc5 35. Qc6 Qc2 36. Kh1 Qe2 37. Re1 Qxf2 38. e6 fxe6 39. Qxe6+ Kh8 40. Qg6 Rf8
41. Re8 Qf1+ 42. Kh2 Bd6+ 43. Qxd6 Rxe8 44. Qxb6 Ra8 45. Qg6 a4 46. Qc6 Qa6 47.
Qe4 Qc8 48. Nh4 Qc7+ 49. Kh1 Qa5 50. Ng6+ Kg8 51. Ne7+ Kf7 52. Nc6 Qa6 53. Qd5+
Kf8 1/2-1/2

[Event "Druzynowe Mistrzostwa Polski Juniorow - II liga"]
[Site "Sypniewo k. Jastowia"]
[Date "2024-06-17"]
[Round "4.60"]
[White "Wawrzyniak, Aleksandra"]
[Black "Sieczkowska, Hanna"]
[Result "1-0"]
[WhiteTitle "II"]
[BlackTitle "II+"]
[WhiteElo "1495"]
[BlackElo "1412"]

1. e4 c5 2. Nf3 e6 3. d4 cxd4 4. Nxd4 a6 5. Bd3 Nc6 6. Nxc6 bxc6 7. c4 Bc5 8. O-O
Ne7 9. Qe2 e5 10. Be3 Bxe3 11. Qxe3 O-O 12. c5 Rb8 13. b3 a5 14. Nc3 Ra8 15. Na4
Ba6 16. Nb6 Bxd3 17. Qxd3 Ra7 18. Rad1 d6 19. Qxd6 Qxd6 20. Rxd6 Rc7 21. Rfd1
Nc8 22. Rd7 Ra7 23. Nxc8 Rxd7 24. Rxd7 Rxc8 25. Kf1 Ra8 26. Ke2 Kf8 27. Rc7 a4
28. b4 Rb8 29. a3 Ke8 30. Rxc6 Kd7 31. Ra6 Kc8 32. Ra7 Rb7 33. Rxb7 Kxb7 34. Kd3
Kc6 35. Kc4 f6 36. b5+ Kb7 37. f3 Kc7 38. b6+ Kc6 39. g4 g5 40. h3 h6 41. Kb4
Kb7 42. Kb5 Kc8 43. Kc6 Kb8 44. b7 Ka7 45. Kc7 Ka6 46. b8=Q Ka5 47. Qb6# 1-0

[Event "Druzynowe Mistrzostwa Polski Juniorow - II liga"]
[Site "Sypniewo k. Jastowia"]
[Date "2024-06-17"]
[Round "4.61"]
[White "Burda, Igor"]
[Black "Siwek, Leon"]
[Result "1/2-1/2"]
[WhiteTitle "II+"]
[BlackTitle "II"]
[WhiteElo "1648"]
[BlackElo "1602"]

1. e4 d5 2. exd5 Qxd5 3. Nc3 Qd6 4. d4 Nf6 5. Nf3 a6 6. Bc4 Bg4 7. h3 Bh5 8. g4
Bg6 9. Ne5 Nc6 10. Bf4 Qxd4 11. Nxg6 Qxc4 12. Nxh8 Qxf4 13. O-O Rd8 14. Qc1 Qxc1
15. Raxc1 g6 16. g5 Nh5 17. Rcd1 Bg7 18. Nxf7 Kxf7 19. Rxd8 Nxd8 20. Rd1 Ne6 21.
h4 Nhf4 22. Ne4 Nd4 23. Kh2 Nfe6 24. c3 Nf5 25. Kh3 Be5 26. Kg4 Nfg7 27. Rd5 Bd6
28. Rd3 Nh5 29. Rf3+ Kg7 30. Re3 Kf7 31. Rf3+ Ke8 32. Re3 Neg7 33. b3 Nf5 34.
Rf3 Nhg7 35. Rd3 c6 36. c4 b6 37. Rd1 Nh5 38. Re1 Kd7 39. Rd1 Kc7 40. Rd3 Be5
41. Rf3 Nhg7 42. Rd3 Nd6 43. Nxd6 Bxd6 44. Rf3 Nf5 45. h5 e6 46. hxg6 hxg6 47.
Rh3 Be5 48. Rh7+ Bg7 49. Kf4 Kd6 50. Ke4 b5 51. cxb5 axb5 52. Rh1 Bd4 53. Rd1
Kc5 54. f4 b4 55. Rc1+ Kb5 56. Rd1 c5 57. Rc1 Kc6 58. Kf3 Kd5 59. Re1 Nd6 60.
Rh1 Nf5 61. Rh7 Bg7 62. Rh1 Bd4 1/2-1/2

[Event "Druzynowe Mistrzostwa Polski Juniorow - II liga"]
[Site "Sypniewo k. Jastowia"]
[Date "2024-06-17"]
[Round "4.62"]
[White "Broszkiewicz, Stanislaw"]
[Black "Trusewicz, Jakub"]
[Result "0-1"]
[WhiteTitle "II+"]
[BlackTitle "II"]
[WhiteElo "1700"]
[BlackElo "1573"]

1. d4 d5 2. c4 e6 3. Nf3 Nf6 4. Nc3 Be7 5. Bf4 O-O 6. e3 b6 7. cxd5 Nxd5 8. Nxd5
exd5 9. Be2 Nd7 10. O-O Bb7 11. Rc1 c5 12. dxc5 Nxc5 13. Nd4 Bd6 14. Bxd6 Qxd6
15. Bf3 Ba6 16. Be2 Bb7 17. Nb5 Qe5 18. b3 a6 19. Nd4 Rfd8 20. Bf3 Rac8 21. Qd2
Rd6 22. b4 Rh6 23. g3 Ne4 24. Rxc8+ Bxc8 25. Rc1 Bd7 26. Qd3 b5 27. Qc2 f5 28.
Qc7 Qe8 29. Qb7 Rd6 30. Bxe4 dxe4 31. Rc7 f4 0-1

[Event "Druzynowe Mistrzostwa Polski Juniorow - II liga"]
[Site "Sypniewo k. Jastowia"]
[Date "2024-06-17"]
[Round "4.63"]
[White "Trusewicz, Remigiusz"]
[Black "Wojciechowski, Szymon"]
[Result "1-0"]
[WhiteTitle "II"]
[BlackTitle "I"]
[WhiteElo "1645"]
[BlackElo "1837"]

1. e4 c5 2. Nf3 d6 3. d4 cxd4 4. Nxd4 Nf6 5. f3 e5 6. Nb3 d5 7. exd5 Qxd5 8. Qxd5
Nxd5 9. c4 Nb4 10. Na3 Bf5 11. g4 Nd3+ 12. Bxd3 Bxd3 13. c5 Nc6 14. Bd2 O-O-O
15. Bc3 Be7 16. h4 h5 17. g5 f6 18. gxf6 Bxf6 19. O-O-O Be2 20. Rxd8+ Rxd8 21.
Nd2 Nd4 22. Rh3 Nf5 23. Nac4 Rd5 24. b4 Kd7 25. Na5 Kc7 26. Nac4 Kd7 27. Na5 Kc7
28. Nac4 g6 29. Ne4 Bg7 30. Ncd6 Bh6+ 31. Kb2 Nxd6 32. cxd6+ Kc6 33. Rg3 Bd3 34.
d7 Bxe4 35. fxe4 Rxd7 36. Bxe5 Re7 37. Rxg6+ Kd7 38. Bf6 Rh7 39. b5 Be3 40. a4
Bf2 41. Kc2 Be3 42. Kd3 Bc1 43. Kc4 Ke8 44. Be5 Re7 45. Kd5 Kf7 46. Rg1 Be3 47.
Rf1+ Ke8 48. Bd6 Rf7 49. Rxf7 Kxf7 50. Bg3 Kf6 51. e5+ Ke7 52. e6 Bd2 53. Bf2
Bf4 54. Bxa7 Bg3 55. Bc5+ Kd8 56. Bd6 Bxh4 57. a5 Kc8 58. a6 bxa6 59. bxa6 Bg5
60. Kc6 1-0

[Event "Druzynowe Mistrzostwa Polski Juniorow - II liga"]
[Site "Sypniewo k. Jastowia"]
[Date "2024-06-17"]
[Round "4.64"]
[White "Sniedziewski, Emil"]
[Black "Cudyk, Oliwia"]
[Result "0-1"]
[WhiteTitle "II+"]
[BlackTitle "I"]
[WhiteElo "1838"]
[BlackElo "1466"]

1. c4 e5 2. g3 c6 3. Nf3 e4 4. Nd4 d5 5. cxd5 cxd5 6. d3 Bc5 7. dxe4 dxe4 8. Be3
Nc6 9. Nc2 Qxd1+ 10. Kxd1 Bxe3 11. Nxe3 Be6 12. Nc3 O-O-O 13. Ke1 f5 14. Bh3 Nd4
15. Rc1 Kb8 16. Nc2 Nf6 17. Nxd4 Rxd4 18. Rd1 Rhd8 19. Rxd4 Rxd4 20. Bg2 Nd5 21.
Nxd5 Rxd5 22. e3 Rb5 23. b3 Ra5 24. a4 Bxb3 25. f3 Rxa4 26. fxe4 fxe4 27. g4 Ra1+
28. Kd2 Rxh1 29. Bxh1 Bd5 30. Kc3 Kc7 31. Kd4 Kd6 32. Bg2 b5 33. Bf1 Bc4 34. Bxc4
bxc4 35. Kxc4 a5 36. h4 a4 37. Kb4 Kd5 38. Kxa4 Kc4 39. g5 Kd3 40. h5 Kxe3 41.
h6 gxh6 42. gxh6 Kd2 43. Ka3 e3 44. Kb2 e2 45. Ka2 e1=Q 46. Ka3 Qb1 47. Ka4 Kc3
48. Ka5 Kc4 49. Ka6 Kc5 50. Ka7 Kc6 51. Ka8 Qb7# 0-1

[Event "Druzynowe Mistrzostwa Polski Juniorow - II liga"]
[Site "Sypniewo k. Jastowia"]
[Date "2024-06-17"]
[Round "4.66"]
[White "Kaczmarczyk, Dominika"]
[Black "Tkacz, Katarzyna"]
[Result "0-1"]
[WhiteTitle "II"]
[BlackTitle "I"]
[WhiteElo "1407"]
[BlackElo "1666"]

1. e4 c6 2. d4 d5 3. Nc3 dxe4 4. Nxe4 Nf6 5. Qd3 Nxe4 6. Qxe4 Qd5 7. Bd3 g6 8.
Nf3 Qxe4+ 9. Bxe4 Be6 10. O-O Bd5 11. Nd2 Bg7 12. c3 O-O 13. Re1 Re8 14. Nb3 Nd7
15. Na5 Bxe4 16. Rxe4 Rab8 17. Bf4 e5 18. Rae1 f6 19. Nc4 g5 20. Be3 h6 21. f4
Kf8 22. Nd6 Re6 23. fxe5 fxe5 24. Nf5 Rbe8 25. c4 Kf7 26. dxe5 Nxe5 27. Bd4 Bh8
28. Nxh6+ Rxh6 29. Bxe5 Rhe6 30. Rf1+ Kg6 31. Bxh8 Rxe4 32. Bc3 Rf4 33. Rd1 Rxc4
34. Rd7 b5 35. Rxa7 Ra4 36. Rc7 Re6 37. Rg7+ Kf5 38. Rf7+ Kg6 39. Rg7+ Kh5 40.
Rh7+ Rh6 41. Rf7 Rxa2 42. Kf2 b4 43. Be5 Re6 44. Rh7+ Kg6 45. Rg7+ Kf5 46. Bd4
Ke4 47. Bc5 Rxb2+ 48. Kg3 Kf5 49. Rf7+ Kg6 50. Rg7+ Kxg7 51. Bd4+ Kg6 52. Bxb2
c5 53. Kg4 c4 0-1

[Event "Druzynowe Mistrzostwa Polski Juniorow - II liga"]
[Site "Sypniewo k. Jastowia"]
[Date "2024-06-17"]
[Round "4.67"]
[White "Semenowicz, Julian"]
[Black "Pulit, Kacper"]
[Result "0-1"]
[WhiteTitle "II"]
[BlackTitle "II+"]
[WhiteElo "1632"]
[BlackElo "1728"]

1. Nf3 Nf6 2. e3 g6 3. b3 Bg7 4. Bb2 Nc6 5. Be2 d6 6. d4 Bf5 7. a3 O-O 8. O-O Re8
9. Bb5 Bd7 10. Re1 a6 11. Bxc6 Bxc6 12. c4 e6 13. Nbd2 b6 14. Qc2 Bb7 15. Rad1
Qe7 16. e4 c5 17. e5 dxe5 18. dxe5 Nd7 19. Ne4 Bxe4 20. Qxe4 Rab8 21. Rd3 Nf8
22. h3 b5 23. Nd2 Red8 24. Rxd8 Rxd8 25. Qf4 Rd3 26. Re2 Qd8 27. Kh2 g5 28. Qg4
Rxd2 29. Bc1 Rxe2 30. Qxe2 Ng6 31. cxb5 Bxe5+ 32. g3 axb5 33. Qxb5 Qd5 34. a4
Nh4 0-1